000 00782nam a2200253 a 4500
001 BRL_85
005 20190320210600.0
008 791205s1945 mx-acf####---#000-0aspa-c
041 _aspa
044 _amx
050 4 _aND259.07
_b.O76 1945
100 1 _aOrozco, José Clemente,
_d1883-1949
_99279
245 1 0 _aAutobiografía
_cJosé Clemente Orozco.
260 _aMéxico
_bOccidente
_c1945
300 _a156 p.
_bil.
_c25 cm.
500 _aIncluye proyección cronológica, otras obras y tres autorretratos
500 _aAu111
600 1 4 _aOrozco, José Clemente,
_d1883-1947
_vBiografías
_922864
650 1 4 _aArtistas
_xCorrespondencia, recuerdos, etc.
_922865
650 1 4 _aAutobiografía
_922866
650 1 4 _aPintores mexicanos
_94220
902 _aGRL
942 _2lcc
_cB
999 _c8898
_d8898